Κατάλογος Βιβλιοθηκών Mediterranean College

Οργανωσιακή Ψυχολογία και Συμπεριφορά / Δεύτερη Έκδοση: Περιλαμβάνει Μελέτες Περίπτωσης με Απαντήσεις από Έμπειρους Επαγγελματίες της Ελληνικής Αγοράς (Record no. 7367)

MARC details
000 -LEADER
fixed length control field 01048cam a22002174a 4500
005 - ΗΜΕΡΟΜΗΝΙΑ ΚΑΙ ΩΡΑ ΤΕΛΕΥΤΑΙΑΣ ΕΝΗΜΕΡΩΣΗΣ
Πεδίο ελέγχου 20250605164307.0
008 - FIXED-LENGTH DATA ELEMENTS--GENERAL INFORMATION
Πεδίο ελέγχου σταθερού μήκους 250528s ||||||||||||||||||||||||d
035 ## - SYSTEM CONTROL NUMBER
System control number 22313
020 ## - ISBN
ISBN 9786185131593
040 ## - ΠΗΓΗ ΚΑΤΑΛΟΓΟΓΡΑΦΗΣΗΣ
Φορέας πρωτότυπης καταλογογράφησης MC Athens Campus Library
Γλώσσα καταλογογράφησης Ελληνικά, Μοντέρνα (1453-)
Modifying agency MC Athens Campus Library
Κανόνες περιγραφικής καταλογογράφησης AACR2
245 1# - ΤΙΤΛΟΣ ΚΑΙ ΔΗΛΩΣΗ ΥΠΕΥΘΥΝΟΤΗΤΑΣ
Τίτλος Οργανωσιακή Ψυχολογία και Συμπεριφορά / Δεύτερη Έκδοση: Περιλαμβάνει Μελέτες Περίπτωσης με Απαντήσεις από Έμπειρους Επαγγελματίες της Ελληνικής Αγοράς
250 ## - EDITION STATEMENT
Edition statement
260 ## - PUBLICATION, DISTRIBUTION, ETC.
Name of publisher, distributor, etc. Rosili,
Date of publication, distribution, etc. 2019
300 ## - PHYSICAL DESCRIPTION
Extent 642
520 ## - SUMMARY, ETC.
Summary, etc. Το βιβλίο αυτό είναι γραμμένο για να προσφέρει την πρόσφατη γνώση στα επιστημονικά αντικείμενα της οργανωσιακής ψυχολογίας και συμπεριφοράς.
700 1# - ΠΡΟΣΘΕΤΗ ΑΝΑΓΡΑΦΗ--ΦΥΣΙΚΟ ΠΡΟΣΩΠΟ
Personal name Βακόλα Μαρία
9 (RLIN) 7311
700 1# - ΠΡΟΣΘΕΤΗ ΑΝΑΓΡΑΦΗ--ΦΥΣΙΚΟ ΠΡΟΣΩΠΟ
Personal name Νικολάου Ιωάννης
9 (RLIN) 7312
942 ## - ADDED ENTRY ELEMENTS (KOHA)
Koha item type Books
Holdings
Τύπος τεκμηρίου Βιβλιοθήκη Τρέχουσα τοποθεσία Τοποθεσία Barcode Αριθμός εισαγωγής Ημερομηνία απόκτησης Ταξιθετικό σύμβολο Αριθμός αντιτύπου Κατάσταση απόσυρσης Κατάσταση χαμένου Κατάσταση κατεστραμμένου Μη δανεισμός Σύνολο δανεισμών Ημερομηνία τελευταίας εμφάνισης Η τιμή ισχύει από
Books MC Athens Campus Library MC Athens Campus Library Παράρτημα Γλυφάδας 9780000073662 7459 05/06/2025 158.7 ΒΑΚ 1           05/06/2025 05/06/2025

MC Athens Campus Library
Πατησίων 94 & Κοδριγκτώνος 13, 104 34
Πελλήνης 8 & Πατησίων 107, 112 51
Τ: +30 210 8899600

MC Thessaloniki Campus Library
Ίωνος Δραγούμη 21, 54625 | Ίωνος Δραγούμη 15, 54625
Τ: +30 2310 287779 – Τ: +30 2314 440300